01309nam a2200253 a 45000010008000000030010000080050017000180080041000350100017000760200025000930400013001180500024001310820018001552450028001732500050002012600047002513000029002984400017003275040066003445050564004106500031009746500030010057000020010352928493ZMNBVFGGT20220326193253.0891227s1989 nyua b 001 0 eng  a 89052177  a0500201862 :c$11.95 aDLCcDLC00aN6490b.C65617 198900a709.04bC744c00aConcepts of modern art. aRev. and enl. ed. /bedited by Nikos Stangos. aNew York, N.Y. :bThames and Hudson,c1985 a384 p. :bill. ;c21 cm. 0aWorld of art aIncludes bibliographical references (p. [373]-377) and index. tPreface. Nikos StangostFauvism. Sarah WhitfieldtExpressionism. Norbert LyntontCubism. John GoldingtPurism. Christopher GreentOrphism. Virginia SpatetFuturism. Norbert LyntontVorticism. Paul OverytDada and Surrealism. Dawn AdestSuprematism. Aaron ScharftDe Stijl. Kenneth FramptontConstructivism. Aaron ScharftAbstract Expressionism. Charles HarrisontKinetic Art. Cyril BarrettPop Art. Edward Lucie-SmithtOp Art. Jasia ReichardttMinimalism. Suzi GabliktConceptual Art. Robert SmithtThe Plates List of Illustrations Select Bibliographies Index 0aArt, Moderny20th century. 0aArte modernoyS. XXxarte1 aStangos, Nikos.